000 00708nam a2200217Ii 4500
003 JO-AjNU
008 230605s9999||||xx |||||||||||||| ||und||
020 _a977-6190-57-X
040 _aJO-AjNU
_bara
_erda
_cJO-AjNU
041 _aara
050 1 4 _aG155 2010
100 3 _aحافظ، محمد عبده,
_eauthor
_933946
245 0 0 _aالتسويق السياحي والفندقي
250 _aط1
264 3 1 _aالقاهرة: دار السحاب للنشر والتوزيع، 2010
300 _a238ص
336 _atext
_btxt
_2rdacontent
337 _aunmediated
_bn
_2rdamedia
338 _avolume
_bnc
_2rdacarrier
650 4 _aالتسويق السياحي-التسويق القندقي
_933947
999 _aA13867
_c17435
_d17435